|
|
|
|
| LEADER |
00000nab a2200000 a 4500 |
| 001 |
vtls000564549 |
| 003 |
SK-MaSNL |
| 005 |
20260304020902.0 |
| 008 |
150501c1995 xo 0 slo |
| 015 |
|
|
|a SNBRB19rr/mm-uuuuu
|
| 035 |
|
|
|a CL0564687
|
| 040 |
|
|
|a SNKBUCL
|b slo
|c SNKBUCL
|e AACR2
|
| 041 |
0 |
|
|a slo
|
| 044 |
|
|
|a xo
|c SK
|
| 080 |
|
|
|a 070.42
|2 1981
|
| 080 |
|
|
|a 655.413(437.6)
|2 1981
|
| 100 |
1 |
|
|a Dvořák, Karel Ilja,
|d 1956-2011
|4 aut
|9 210783
|
| 245 |
1 |
0 |
|a O osudovej povinnosti
|b Zhovárame sa s Karlom Iljom Dvořákom
|c Karel Ilja Dvořák, Jana Borguľová
|
| 300 |
|
|
|b Fotogr. 1
|
| 600 |
1 |
7 |
|a Dvořák, Karel Ilja,
|d 1956-2011
|2 snkbucl
|9 210783
|
| 650 |
0 |
7 |
|a Tranoscius, a.s., Liptovský Mikuláš
|2 snkbucl
|9 899543
|
| 655 |
|
7 |
|a články z novín a časopisov
|2 snkbucl
|9 267496
|
| 700 |
1 |
|
|a Borguľová, Jana,
|d 1951-
|4 aut
|9 91159
|
| 773 |
0 |
|
|t Nové slovo bez rešpektu
|g Roč. 5, č. 41 (1995), s. 16-17
|
| 850 |
|
|
|a Slovenská národná knižnica v Martine
|a MTA001
|
| 852 |
|
|
|a SNK
|b KIS3GCP
|
| 958 |
|
|
|a RK
|
| 958 |
|
|
|a SK
|
| 992 |
|
|
|a RBX
|
| 999 |
|
|
|c 2601913
|d 2603843
|